Guía de los parques nacionales de Costa Rica=National parks guide (Registro nro. 5609)
[ vista simple ]
| 000 -Cabecera | |
|---|---|
| Campo de control de longitud fija | 00683ata a2200253 4500 |
| 005 - Fecha y hora de la última transacción | |
| Campo de control | 20250818135022.0 |
| 008 - Elementos de longitud fija--Información general | |
| Campo de control de longitud fija | 150518b2008 xxu||||| |||| 00| 0 spa d |
| 020 ## - International Standard Book Number | |
| Número Internacional Estándar del Libro (ISBN) | 8489127336 |
| 041 ## - Idioma | |
| Código de idioma | Español |
| 041 ## - Idioma | |
| Código de idioma | Inglés |
| 082 ## - Clasificación Decimal Dewey | |
| Número de clasificación | 333.783.097.286 Z95g |
| 100 ## - Entrada principal--Autor personal | |
| Nombre personal | Zuñiga, Ricardo |
| 245 ## - Título propiamente dicho | |
| Título | Guía de los parques nacionales de Costa Rica=National parks guide |
| 250 ## - Edición | |
| Mención de edición | 4 edición |
| 260 ## - Pie de imprenta | |
| Lugar de publicación, distribución, etc. | Costa Rica |
| Nombre del editor, distribuidor, etc. | Incafo |
| Fecha de publicación, distribución, etc. | 2008 |
| 300 ## - Descripción física | |
| Extensión | 224 páginas |
| 490 ## - Serie | |
| Título de la Serie | Turismo |
| 650 ## - Materia general | |
| Temática (materia general) | PARQUES NACIONALES |
| 650 ## - Materia general | |
| Temática (materia general) | RESERVAS DE TIERRAS |
| 650 ## - Materia general | |
| Temática (materia general) | REFUGIOS DE VIDA SILVESTRE |
| 650 ## - Materia general | |
| Temática (materia general) | COSTA RICA |
| 650 ## - Materia general | |
| Temática (materia general) | ÁREAS DE CONSERVACIÓN |
| 942 ## - Punto de acceso adicional KOHA | |
| Tipo de ítem KOHA | Libro |
| Fuente del sistema de clasificación o colocación | Dewey Decimal Classification |
| Signatura completa | Código de barras | Programa Académico | Tipo de ítem |
|---|---|---|---|
| 333.783.097.286 Z95g | 14722 | Turismo | Libro |
| 333.783.097.286 Z95g | 16490 | Turismo | Libro |